LEADER 01321nam 2200361 n 450 001 996386666003316 005 20221102114420.0 035 $a(CKB)1000000000613293 035 $a(EEBO)2240870502 035 $a(UnM)99855651 035 $a(EXLCZ)991000000000613293 100 $a19920903d1546 uy | 101 0 $aeng 135 $aurbn||||a|bb| 200 12$aA boke of prayers called ye ordynary faschyon of good lyuynge$b[electronic resource] 210 $a[Imprynted at London $cIn Fletestrete at the sygne of the George nexte to saynt Dunstons churche by Wyllyam Myddylton$d[1546?]] 215 $a[36] p 300 $aPlace of publication and printer's name from colophon; publication date conjectured by STC. 300 $aRunning title reads: Ordynary. of lyuynge. 300 $aIdentified as STC 3326a on UMI microfilm, reel 738. 300 $aSignatures: A B⁶ C⁴. 300 $aReproduction of the original in the Folger Shakespeare Library. 330 $aeebo-0055 606 $aPrayer-books$vEarly works to 1800 615 0$aPrayer-books 801 0$bCu-RivES 801 1$bCu-RivES 801 2$bCStRLIN 801 2$bWaOLN 906 $aBOOK 912 $a996386666003316 996 $aA boke of prayers called ye ordynary faschyon of good lyuynge$92338657 997 $aUNISA LEADER 02090nam2 22005173i 450 001 PUV0044739 005 20231121125608.0 010 $a8842019585 100 $a20150121d1991 ||||0itac50 ba 101 | $aita 102 $ait 181 1$6z01$ai $bxxxe 182 1$6z01$an 200 1 $a1: Eutifrone$aApologia di Socrate$aCritone$aFedone$fPlatone 205 $a8. ed 210 $aRoma$aBari$cLaterza$d1991 215 $aLXXI, 185 p.$d21 cm. 225 | $aBiblioteca universale Laterza$v26 311 $aP. 94-185$9CFI0035883 311 $aP. 1-24$9RAV0042052 311 $aP. 25-69$9TO00870041 311 $aP. 71-91$9TO00870042 410 1$1001CFI0002268$12001 $aBiblioteca universale Laterza$v26 423 1$12001 $aFedone. -$1700 0$aPlato$3CFIV007350$4070 423 1$12001 $aEutifrone.$1700 0$aPlato$3CFIV007350$4070 423 1$12001 $aApologia di Socrate$fPlatone$1700 0$aPlato$3CFIV007350 423 1$12001 $aCritone$fPlatone$1700 0$aPlato$3CFIV007350 461 1$1001RAV0011485$12001 $aOpere complete$fPlatone$v1 700 0$aPlato$3CFIV007350$4070$0292329 790 0$aPlatone$f $3CFIV007351$zPlato 790 0$aPlat?n$3CFIV081997$zPlato 790 0$aPlatonas$3CFIV190230$zPlato 790 0$aPlatone$3SBNV049745$zPlato 801 3$aIT$bIT-01$c20150121 850 $aIT-FR0017 $aIT-FR0098 899 $aBiblioteca umanistica Giorgio Aprea$bFR0017 $eN 899 $aBiblioteca Area Giuridico Economica$bFR0098 912 $aPUV0044739 950 2$aBiblioteca umanistica Giorgio Aprea$d 52MAG 2 COLL B 26$e 52FLS0000081065 VMN RS $fA $h20150428$i20150428 950 2$aBiblioteca Area Giuridico Economica$d 53DSG SGG$e 53VM 0000132575 VM barcode:11532-20. - Inventario:12084 DSGVM$fA $h20081113$i20121204 977 $a 52$a 53 996 $aEutyphro$917905 996 $aCollection des Universits de France$913158 996 $aKrit?n$913119 996 $aApologia S?kratous$913076 997 $aUNICAS